LEADER 00964cam0-2200337---450- 001 990004079580403321 005 20091006123042.0 010 $a88-15-01427-6 035 $a000407958 035 $aFED01000407958 035 $a(Aleph)000407958FED01 035 $a000407958 100 $a19990604d1987----km-y0itay50------ba 101 1 $aita$ceng 102 $aIT 105 $ayf------001yy 200 1 $aVictor Hugo e il romanzo visionario$fVictor Brombert 210 $aBologna$cIl Mulino$d1987 215 $a293 p., 16 tav.$d21 cm 225 1 $aSaggi$v323 454 0$12001$aVictor Hugo and the visionary novel$918260 610 0 $aHugo, Victor 676 $a843.8 700 1$aBrombert,$bVictor Henri$f<1923- >$0143776 801 0$aIT$bUNINA$gRICA$2UNIMARC 901 $aBK 912 $a990004079580403321 952 $a843.8 HUGO/S 4$bDip.f.m.2205$fFLFBC 959 $aFLFBC 996 $aVictor Hugo and the visionary novel$918260 997 $aUNINA